| 000 -LEADER |
| fixed length control field |
00272nam a22000977a 4500 |
| 082 ## - DEWEY DECIMAL CLASSIFICATION NUMBER |
| Classification number |
TNC A6x54 P192 |
| 100 ## - MAIN ENTRY--PERSONAL NAME |
| Personal name |
Pande, A. K. |
| 9 (RLIN) |
21253 |
| 245 ## - TITLE STATEMENT |
| Title |
Beyond the office window: |
| Remainder of title |
Discovery of Indian ethos |
| Statement of responsibility, etc |
by A. K. Pande |
| 260 ## - PUBLICATION, DISTRIBUTION, ETC. (IMPRINT) |
| Place of publication, distribution, etc |
New Delhi |
| Name of publisher, distributor, etc |
Konark |
| Date of publication, distribution, etc |
2010 |
| 300 ## - PHYSICAL DESCRIPTION |
| Extent |
178p. |